000 00490nam a22001817a 4500
005 20140422103525.0
010 _aENG-109327
020 _a9789350450505
_c150.00
035 _aEN-92860
037 _bDBAD/PUB
082 _a881
100 _aKapoor, RIddhi
245 _aAlmost poetry /
_cby RIddhi Kapoor
260 _aKolkata
_bWriters Workshop
_c2013
270 _a162/92 Lake Gardens
_bKolkata
_e700045
300 _a76p.
_c22cm(Hb)
942 _2ddc
_cEN
_mKAP
_h881
999 _c82574
_d82574